banner-ar

معجم مصطلحات الاعراب والبناء فى قواعد العربية العالمية عربى - انكليزى - انكليزى - عربى / (Record no. 66713)

MARC details
000 -الفاتح
حقل البيانات ثابتة الطول 00968nam a2200229Ia 4500
005 - وقت وتاريخ اخر تعامل مع التسجيلة
رقم الضبط 20240530110934.0
008 - عناصر البيانات ثابتة الطول - معلومات عامة
حقل البيانات ثابتة الطول 140319s1988 xx 000 0 ara d
040 ## - مصدر الفهرسة
وكالة الفهرسة الأصلية GCL /
وكالة النسخ GCL
082 04 - رقم تصنيف ديوى العشرى
رقم التصنيف 413 /
رقم المادة ا م
100 1# - المدخل الرئيسى - إسم شخصى
الإسم الشخصى انطوان الدحداح
245 10 - بيان العنوان
العنوان معجم مصطلحات الاعراب والبناء فى قواعد العربية العالمية عربى - انكليزى - انكليزى - عربى /
بيان المسئوليه,etc تاليف انطوان الدحداح ؛ مراجع مارتن ج . مكدرموت ، الياس مطر
250 ## - بيان الطبعة
بيان الطبعة الاولى
260 ## - PUBLICATION, DISTRIBUTION, ETC. (IMPRINT)
تاريخ النشر أو التوزيع 1988
300 ## - الوصف المادى
التعداد متعدد ص،
تفاصيل ماديه اخرى للوعاء 24 سم
650 04 - المدخل الاضافى بالموضوع-مصطلح موضوعى
مصطلح موضوعي اللغة الانجليزية
650 04 - المدخل الاضافى بالموضوع-مصطلح موضوعى
مصطلح موضوعي اللغة العربية
650 04 - المدخل الاضافى بالموضوع-مصطلح موضوعى
مصطلح موضوعي المعاجم
700 ## - المدخل الاضافى - اسم شخصى
الإسم الشخصى مارتن ج . مكدرموت
الدور مراجع
700 ## - المدخل الاضافى - اسم شخصى
الإسم الشخصى الياس مطر
الدور مراجع
942 ## - عناصر المدخل الإضافي( كوها)
مصدر التصنيف او مخطط الترفيف Dewey Decimal Classification
Koha [default] item type كتاب
260 ## - PUBLICATION, DISTRIBUTION, ETC. (IMPRINT)
-- بيروت :
-- مكتبة لبنان ناشرون ،
Holdings
حالة التراجع حالة الفقد حالة تلف ليس للاعارة المكان المؤقت الموقع الحالى موقع الترفيف تاريخ الاكتساب اجمالي اﻻعارات رقم الطلب الباركود تاريخ اخر مشاهدة تاريخ تفعيل السعر نوع وعاء كوها
        مكتبة القاهرة الكبرى مكتبة القاهرة الكبرى   09/19/2022   413 / ا م 168523 09/19/2022 09/19/2022 كتاب
        مكتبة القاهرة الكبرى مكتبة القاهرة الكبرى   09/19/2022   413 / ا م 168524 09/19/2022 09/19/2022 كتاب
        مكتبة القاهرة الكبرى مكتبة القاهرة الكبرى   09/19/2022   413 / ا م 168525 09/19/2022 09/19/2022 كتاب

Powered By

EGPV